Relatos del Antiguo Egipto /

محفوظ في:

مؤلفون آخرون: Zingarelli, Andrea Paula., Mayocchi, Valeria.

التنسيق: كتاب

اللغة: Spanish

منشور في: Ciudad Autonoma de Buenos Aires : Editorial Biblos, 2017.

الموضوعات:

الوسوم: إضافة وسم

لا توجد وسوم, كن أول من يضع وسما على هذه التسجيلة!

رقم الطلب: PJ1943 .Z56

LEADER 00814nam a22002417a 4500
003 OSt
005 20260202084513.0
008 020226t2017 ag a b 000 0 spa d
020 |a 9789876915779 
040 |c ARCE Library 
050 1 4 |a PJ1943  |b .Z56 
245 0 0 |a Relatos del Antiguo Egipto /   |c editors Andrea Zingarelli, Valeria Mayocchi. 
264 1 |a Ciudad Autonoma de Buenos Aires :   |b Editorial Biblos,   |c 2017. 
300 |a 1 vol. (313 p.) :   |b ill. ;   |c 23 cm. 
504 |a Bibliography p. 295-313. 
504 |a Bibliographic notes at the bottom of the pages. 
650 0 |a Ancient Egyptian literature  |z Egypt  |x Antiquity. 
650 0 |a Civilization  |z Egypt  |y Until 332 BC. J.-C 
700 |a Zingarelli, Andrea Paula. 
700 |a Mayocchi, Valeria. 
901 |a reviewed 
942 |2 lcc  |c BK 
999 |c 48637  |d 48637